00594 2200217 4500001002100000005001700021008004100038035002400079090001500103100002300118245006900141260002600210300002300236500003100259650001900290700001800309850001500327980001300342985000600355999001500361YOGYA-0209000001396220090227022355.0 ind  0010-020900000013962 a150bSub T aSUBIYANTO S, Yanto aTanya jawab pengantar psikologicYanto Subiyanto S, Dedi Suryadi aBandungbArmicoc1980 aiv, 180 hlmc21 cm aBibliografi : hlm. 177-178 aIlmu jiwa umum aSuryadi, Dedi aYOPDYOG(B) a11-07-05 a1 aP000015136